| 000 | 00814cam a22002771 4500 | ||
|---|---|---|---|
| 999 |
_c128747 _d128747 |
||
| 001 | 10300261 | ||
| 003 | ARRUPE | ||
| 005 | 20190109105114.0 | ||
| 008 | 720918s1960 enk 000 0 eng | ||
| 010 | _a 60023712 | ||
| 015 | _aGB60-7465 | ||
| 035 | _a(OCoLC)407588 | ||
| 040 |
_aDLC _cODaWU _dOCoLC _dUk _dDLC |
||
| 041 | 1 | _aengswe | |
| 042 | _apremarc | ||
| 050 | 0 | 0 |
_aSPC. DL65 _b.B713 |
| 100 | 1 |
_aBrøndsted, Johannes, _d1890-1965. _943905 |
|
| 245 | 1 | 4 |
_aThe Vikings. _cJohannes Brondsted |
| 260 |
_a[Harmondsworth, Middlesex; Baltimore] _bPenguin Books _c[1960] |
||
| 300 |
_a319 p. ; _c19cm. |
||
| 490 | 0 |
_aA Pelican book, _vA459 |
|
| 504 | _aIncludes bibliography. | ||
| 650 | 0 |
_aVikings. _xHistory _943906 |
|
| 906 |
_a7 _bcbc _coclcrpl _du _encip _f19 _gy-gencatlg |
||
| 942 |
_2lcc _cSPC |
||